000 00999nam a22001817a 4500
001 10100
003 FISKH
005 20260408104458.0
008 260408b cb ||||| |||| 00| 0 eng d
020 _a9787511046604
040 _aFISKH
_bchi
_cFISKH
_dFISKH
100 _a宫西达也
245 _a㞎㞎 /
_cBy 宫西达也
300 _a24​​ unnumbered pages :
_bcolor illustrations ;
_c22 cm .
520 _a《㞎㞎》是日本著名绘本大师宫西达也创作的一本低幼认知图画书,专为幼儿设计。书中通过简单直白的文字和风趣活泼的插图介绍不同动物的**“㞎㞎” (儿童用语表示便便/屎粑粑)**——有长长的、圆圆的、大大的、小小的,还有混合着尿的。 通过对各种动物粪便形状和表现的幽默描绘,孩子不仅能够认识动物,还可培养对形状、体型等认知能力,同时在轻松有趣的阅读中学会良好的生活习惯。
942 _2ddc
_cBOOK
_n0
999 _c10100
_d10100